000
00374cam a2200169ua 4500
020
_c
Rs. 25.00
041
_a
eng
_h
082
_a
531.11
_b
COL/FL
100
_a
Cole, G H A .
245
_a
Fluid dynamics
260
_a
London :
_b
McMillon & Co Ltd ,
_c
1962.
300
_a
238 ; .
365
_a
Rs. 25.00
504
_a
942
_c
BK
999
_c
1557
_d
1557